Введение в страну ЭВМ

ग्रंथसूची विवरण
मुख्य लेखक: Громко Н. И. Николай Иванович
सारांश:Исключено из фонда НТБ ТПУ
भाषा:रूसी
प्रकाशित: Минск, Вышэйшая школа, 1989
संस्करण:2-е изд., перераб. и доп.
श्रृंखला:Мир занимательной науки
स्वरूप: MixedMaterials पुस्तक
KOHA link:https://koha.lib.tpu.ru/cgi-bin/koha/opac-detail.pl?biblionumber=214180

MARC

LEADER 00000nam0a2200000 4500
001 214180
005 20231031193454.0
010 |a 5339002365 
020 |a RU  |b 89-82490 
035 |a (RuTPU)RU\TPU\book\234037 
090 |a 214180 
100 |a 20120420d1989 m a0rusy5003 ca 
101 0 |a rus 
102 |a BY 
105 |a a z 001zy 
200 1 |a Введение в страну ЭВМ  |f Н. И. Громко 
205 |a 2-е изд., перераб. и доп. 
210 |a Минск  |c Вышэйшая школа  |d 1989 
215 |a 271 с.  |c ил.  |d 17 см 
225 1 |a Мир занимательной науки 
320 |a Библиогр.: с. 267-268. 
333 |a Исключено из фонда НТБ ТПУ 
700 1 |a Громко  |b Н. И.  |g Николай Иванович  |4 070 
801 0 |a RU  |b RuMRKP  |c 19950417  |g psbo 
801 1 |a RU  |b 63413507  |c 20120420 
801 2 |a RU  |b 63413507  |c 20170127  |g RCR 
942 |c BK